00591nam a2200169 4500001000700000003000900007005001700016007000300033008004100036100002800077245005700105260005200162300003400214852003200248999001900280952012200299144818ES-MaACL20230906201115.0t|070214s1971 xxu r ||||1| eng d1 aSlavin, Morris.910677410aEmission spectrochemical analysis / cMorris Slavin. aNew York [etc.] : bWiley Interscience, c1971. aXI, 254 p. : bil. ; c24 cm. aES-MaACLjC-56345 bR.89006 c144818d144818 00104070aATENEOMbATENEOMcDEPO2d2008-01-17eSCl0oC-56345p1151057r2023-02-23 00:00:00w2023-02-23yMONOGRAFIA